Vers une conceptualisation de la situation de stage: Explorations internationales.
Збережено в:
| Автор: | |
|---|---|
| Інші автори: | , |
| Формат: | Книга |
| Опубліковано: |
Québec, Canada:
Editions du CRP,
2008.
|
| Предмети: | |
| Теги: |
Додати тег
Немає тегів, Будьте першим, хто поставить тег для цього запису!
|
MARC
| LEADER | 00000nam a22000007a 4500 | ||
|---|---|---|---|
| 003 | CL-VaPUC | ||
| 005 | 20230905091833.0 | ||
| 008 | 230818t2008 ||||| |||| 00| 0 eng d | ||
| 999 | |c 441592 |d 441590 | ||
| 020 | |a 978-2-89474-073-6 | ||
| 040 | |c Pontificia Universidad Católica de Valparaíso | ||
| 082 | 0 | 4 | |2 21 |a 370.7 COR 2008 |
| 100 | 1 | |a Correa Molina, Enrique |e auteur |9 884241 | |
| 245 | 1 | 0 | |a Vers une conceptualisation de la situation de stage: |b Explorations internationales. |
| 260 | |a Québec, Canada: |b Editions du CRP, |c 2008. | ||
| 300 | |a 219 páginas. | ||
| 500 | |a c.1 Recuperado oficina docente, inventario antiguo. Memo Edu 09/08/2023 | ||
| 583 | |c 20230818 |k Catalogador Asistente | ||
| 650 | 1 | |a Prácticas educativas |9 863939 | |
| 650 | 1 | |a Pasantes (Educación) |9 884353 | |
| 650 | 1 | |a Formación de profesores |9 338945 | |
| 700 | |a Colette, Gervais |e auteur |9 884242 | ||
| 700 | |a Rittershaussen Klauning, Sylvia |9 305494 |e auteur | ||
| 942 | |2 ddc |c BK |n 0 | ||
| 952 | |0 0 |1 0 |2 ddc |4 0 |6 370_700000000000000_COR_2008 |7 0 |8 A |9 591278 |a BIBEDU |b BIBEDU |d 2023-08-18 |e Donación |i 5658436 |o 370.7 COR 2008 |p 5658436 |r 2023-08-18 |t 1 |w 2023-08-18 |y BK |k LIT | ||